Municipalities in Jämtland County, Sweden Quiz Stats

 Plays Quiz not verified by Sporcle

Score 0/8 Timer 10:00
0 Plays Today
% Correct
Östersund
99%
Åre
90.6%
Härjedalen
83.3%
Krokom
78.1%
Berg
76%
Strömsund
75%
Bräcke
75%
Ragunda
74%

You're not logged in!

Compare scores with friends on all Sporcle quizzes.
OR
Log In

Sporcle TV

Today on Sporcle TV


Watch our educational content, quiz creation guides, and fun videos on Sporcle TV.

Show Comments

Extras

Created Dec 7, 2014ReportNominate
Tags:County, Municipality, Sweden

Top Quizzes Today


Score Distribution

Your Account Isn't Verified!

In order to create a playlist on Sporcle, you need to verify the email address you used during registration. Go to your Sporcle Settings to finish the process.

Report this User

Report this user for behavior that violates our Community Guidelines.

Details: